| 000 | 01720nam a2200277 a 4500 | ||
|---|---|---|---|
| 003 | MX-MxUPN | ||
| 005 | 20240925065213.0 | ||
| 008 | 200123s1989 mx r 000 0 spa d | ||
| 020 | _a9684761198 | ||
| 035 | _aUPN01000235085 | ||
| 040 |
_aMX-MxUPN _bspa _cMX-MxUPN |
||
| 041 | 0 | _aspa | |
| 050 | 1 | 4 |
_aRC454 _bA56 1989 |
| 245 | 0 | 0 | _aAlternativas a la psiquiatría y a la psicología social |
| 250 | _aPrimera edición corregida. | ||
| 260 |
_aMéxico, D.F. : _bFontamara, _c1989. |
||
| 300 | _a381 páginas | ||
| 490 | 0 |
_aRompan filas ; _v6 |
|
| 505 | 0 |
_tIntroducción al Dossier México sobre alternativas a la psiquiatría -- _tLa otra psicología -- _tPsicocirugía y seguridad nacional -- _tImpugna conceptos del Dr. Saxe Fernández --La psicocirugía y lo tendencioso -- _tLa psiquiatría y la psicocirugía como instrumento de represión -- _tUna temporada en el infierno -- _tLa Granja -- _tLa desprotección legal de los enfermos mentales -- _tEn jaulas de tigres -- _tEnfermos mentales donde había gallinas -- _tEn la granja psiquiátrica "Ramírez Moreno -- _tLos trabajadores de los CIJ SITRASAM-CIJ -- _tA los trabajadores de salud mental -- _tLocura mexicana -- _tPabellón de castigo -- _tDrogas, electroshocks y lobotomías -- _tEn hospitales psiquiátricos -- _tSeñalan un atroz caos en el psiquiátrico Fray Bernardino -- _tLos manicomios, lugares tétricos y sombríos -- _tEn su ignorancia, el médico responde con la represión al mal mental. |
|
| 650 | 7 |
_aHospitales psiquiátricos _xAspectos sociológicos _2 _947011 |
|
| 650 | 4 |
_aPsiquiatría _910046 |
|
| 650 | 4 |
_aPsicología social _95889 |
|
| 700 | 1 |
_aGomezjara, Francisco A., _d1939-2001 _930935 _eeditor |
|
| 942 |
_2lcc _cLIBRO |
||
| 999 |
_c207180 _d207180 |
||